000 02282cam a22003014i 4500
001 MEB028024
005 20140925144151.0
008 101118t20122012mau b 001 0 eng
010 _a2010049160
020 _a9781449618964
035 _a(DNLM)101547895
040 _aDNLM/DLC
_cDLC
_erda
_dDLC
050 0 0 _aRA 425
_b.Es87 2012
245 0 0 _aEssentials of public health management /
_cedited by L. Fleming Fallon Jr., Eric J. Zgodzinski.
250 _a3rd ed.
260 _aSudbury, Massachusetts :
_bJones & Bartlett Learning,
_c2012.
300 _axvi, 551 pages ;
_c23 cm.
504 _aIncludes bibliographical references and index.
505 _aOrganizational resources -- Management theory and applications -- Governance and leadership -- Organizational behavior -- Money: accounting, finance, and budgets -- Community and environmental health -- Marketing public health -- Emergency preparedness and response -- Ethics -- Human resources -- Overview of human resources -- Employee preparation: position descriptions, selection, training and development, retention, and integrating students -- Employee feedback: rewards and discipline -- Compensation and benefits -- Mental health issues in the workplace -- Union-management issues -- Operations of a health agency -- Agency internal structure and external constituencies -- National public health performance standards -- Continuous quality improvement -- Accreditation -- Interactions with other agencies and local government -- Traditional media: print, television and radio -- Social (electronic) media -- Other operations -- Assessing community health -- Health officer's role in board development -- Tax levies -- Organizing and operating clinics -- Miscellaneous -- History of public health -- Public health law -- Starting a board of health in the 21st century -- Resources: state and national associations and government agencies.
650 0 _aPublic health administration.
650 _aPublic health administration
_xMethods
_zUnited States.
650 _aPersonnel management
_xMethods
_zUnited States.
650 _aPublic health practice
_zUnited States.
700 1 _aFallon, L. Fleming.
700 1 _aZgodzinski, Eric J.
740 _aPublic health management.
942 _2lcc
_cBK
_kFOR
999 _c275879
_d275879